|
|
|
|
| LEADER |
00882pam a22003138a 4500 |
| 001 |
00027722 |
| 005 |
20171026081025.0 |
| 008 |
111217s2007 ||||||Engsd |
| 020 |
# |
# |
|a 9780194306171
|
| 041 |
0 |
# |
|a Eng
|
| 082 |
1 |
4 |
|a 428
|b SM110CH
|
| 100 |
1 |
# |
|a Wilson, Ken.
|
| 245 |
1 |
0 |
|c Ken Wilson, Tim Falla, Paul A. Davies
|a Smart choice
|b workbook 1
|
| 260 |
# |
# |
|a Oxford
|c 2007
|b Oxford Univ Press
|
| 300 |
# |
# |
|a 76p.
|b ill.
|c 30cm.
|
| 650 |
# |
4 |
|a Tiếng Anh
|x Ngữ pháp
|
| 653 |
# |
# |
|a Anh ngữ thực hành
|
| 700 |
1 |
# |
|a Falla, Tim
|
| 700 |
1 |
# |
|a Davies, Paul A
|
| 852 |
# |
# |
|b Kho mượn
|j KM.0003362
|
| 852 |
# |
# |
|b Kho đọc
|j KD.0012819
|
| 852 |
# |
# |
|j KD.0012819
|j KM.0003362
|
| 910 |
0 |
# |
|a Ntuyet
|d 17/12/2011
|
| 980 |
# |
# |
|a Trung tâm Học liệu Lê Vũ Hùng, Trường Đại học Đồng Tháp
|